Church growth, a mighty river / (Record no. 11595)
[ view plain ]
| 000 -LEADER | |
|---|---|
| fixed length control field | 00544nam a22001932 4500 |
| 001 - CONTROL NUMBER | |
| control field | 0000012132 |
| 005 - DATE AND TIME OF LATEST TRANSACTION | |
| control field | 20140825164437.0 |
| 008 - FIXED-LENGTH DATA ELEMENTS--GENERAL INFORMATION | |
| fixed length control field | 080524s1981 tnu b 000 0 eng d |
| 020 ## - INTERNATIONAL STANDARD BOOK NUMBER | |
| International Standard Book Number | 0805462279 (pbk.) |
| 040 ## - CATALOGING SOURCE | |
| Original cataloging agency | PUL |
| 050 ## - LIBRARY OF CONGRESS CALL NUMBER | |
| Classification number | BV652.25 |
| Item number | .M54 1981 |
| 100 1# - MAIN ENTRY--PERSONAL NAME | |
| Personal name | Miles, Delos. |
| 245 10 - TITLE STATEMENT | |
| Title | Church growth, a mighty river / |
| Statement of responsibility, etc | Delos Miles. |
| 260 ## - PUBLICATION, DISTRIBUTION, ETC. (IMPRINT) | |
| Place of publication, distribution, etc | Nashville, Tenn. : |
| Name of publisher, distributor, etc | Broadman Press, |
| Date of publication, distribution, etc | c1981. |
| 300 ## - PHYSICAL DESCRIPTION | |
| Extent | 167 p. ; |
| Dimensions | 21 cm. |
| 504 ## - BIBLIOGRAPHY, ETC. NOTE | |
| Bibliography, etc | Includes bibliographical references. |
| 650 #0 - SUBJECT ADDED ENTRY--TOPICAL TERM | |
| Topical term or geographic name as entry element | Church growth. |
| 908 ## - PUT COMMAND PARAMETER (RLIN) | |
| Put command parameter | 080524 |
| Withdrawn status | Lost status | Source of classification or shelving scheme | Damaged status | Not for loan | Home library | Current library | Date acquired | Source of acquisition | Total Checkouts | Total Renewals | Full call number | Barcode | Date last seen | Date checked out | Price effective from | Koha item type |
|---|---|---|---|---|---|---|---|---|---|---|---|---|---|---|---|---|
| Library of Congress Classification | Presbyterian University of East Africa - Main Library | Presbyterian University of East Africa - Main Library | 26/12/2012 | DON | 4 | 2 | BV652.25 .M54 1981 | 020020012812 | 21/03/2014 | 07/03/2014 | 26/12/2012 | General circulation books |
